1821 1354 1273 1965 1087 1094 1316 1026 1192 1966 1747 1961 1577 1959 1577 1788 1821 1131 1541 1801 1950 1765 1450 1219 1079 1758 1255 1541 1699 1828 1106 1675 1758 1021 1902 1928 1718 1116 1484 1811 1521 1388 1287 1608 1428 1262 1050 1462 1743 1106 1305 1496 1727 1190 1949 1773 1569 1245 1090 1842 1289 1052 1041 1148 1998 1428 1289 1325 1537 1226 1516 1955 1161 1941 1053 1770 1887 1683 1337 1712 1086 1638 1064 1391 1479 1085 1618 1080 1240 1029 1804 1638 1621 1619 1151 1293 1471 1613 1895 BCNSPRNW ULIB Ver.6.0+V

เปลี่ยนเป็นภาษาไทย

Change to English
 แสดงรายละเอียดบรรณานุกรม
  กลับหน้าหลัก

Brief Record : Get Marc (ISO 2709) : E-mail record : QR code < ปิดหน้าต่าง
LEADER : 00000nam 2200000uu 4500
001    13399124882
003     ULIB
008    160424s2558||||th 000 0 tha d
020    ^a9786165519311
060  4 ^aWB115^bต367 ล.2
110 1  จุฬาลงกรณ์มหาวิทยาลัย^bคณะแพทยศาสตร์^bภาควิชาอายุรศาสตร์ คณะแพทยศาสตร์
245 00 ^aตำราอายุรศาสตร์ เล่ม2/^cบรรณาธิการ ; ชุษณา สวนกระต่าย และคณะ
250    ^aพิมพ์ครั้งที่ 1.
260    ^aกรุงเทพฯ :^bภาควิชาอายุรศาสตร์ คณะแพทยศาสตร์ จุฬาลงกรณ์มหาวิทยาลัย,^c2558.
300    ^a2 เล่ม :^bภาพประกอบ.
505 0  ^a-- เล่ม 1 ... Host defense against infections ... Antimicrobial therapy in clinical practice ... การติดเชื้อในผู้ป่วยที่มีภาวะภูมิคุ้มกันบกพร่อง (infection in immunocompromised host) ... โรคติดเชื้ไวรัสเอชไอวี ... โรคปอดอักเสบชุมชน (community-acguired penumonia) ... วัณโรคปอด (pulmonary tuberculosis) ... ท้องเสียเฉียบพลันจากการติดเชื้อ (acute infectious diarrhea) ... การป้องกันการติดเชื้อในโรงพยาบาล ... Clinical medicine as a jigsaw picture ...ปวดศีรษะ ... โรคหลอดเลือดสมอง ... Imaging of acute ischemic stroke ... Seizure and epilepsy ... Clinical approach in movement disorders ... Neuromuscular diseases -- เล่ม 2 ... การตรวจปัสสาวะเบื้องต้น ... Laboratory investigations and interpretation in renal diseases ... Nuclear nephrology ... Acute kidney injury ... Chronic kidney disease ... Glomerular diseases ... โลหิตวิทยาทางห้องปฏิบัติการ (Laboratory hematology) ... Bleeding disorders and thrombosis ... Dyspepsia แนวทางการวินิจฉัยและรักษา ... Functional gastrointestinal disoerders ... ท้องเสียเรื้อรัง ... ภาวะเลือดออกทางเดินอาหาร (gastroinfestinal bleeding) ... แนวทางการแปลผล Liver function test ... แนวทางการรักษาผู้ป่วยโรคตับแข็ง ... การรักษาภาวะตับอ่อนอักเสบเฉียบพลัน
650  7 การรักษาโรค
650  7 ^aอายุรศาสตร์^vรวมเรื่อง
700 0  ^aชุษณา สวนกระต่าย,^eบรรณาธิการ
700 0  ^aนภชาญ เอื้อประเสริฐ,^eบรรณาธิการ
700 0  ^aกำพล สุวรรณพิมลกุล,^eบรรณาธิการ
700 0  ^aกมลวรรณ จุติวรกุล,^eบรรณาธิการ
945    ^p650^l0^i23466
945    ^p650^l0^i23467
945    ^p650^l0^i23468
945    ^p650^l0^i23469
945    ^p650^l0^i23470
999    ^aทศพร เกษรทอง
รายการนี้ยังไม่มีแท็ก
คุณยังไม่ได้ล็อกอิน คุณสามารถมีกิจกรรมร่วมกับเว็บไซต์ได้ แต่ต้องล็อกอินก่อน ::
  ล็อกอิน

รายการสื่อสารสนเทศ

ลำดับที่ ประเภท เลขเรียก/บาร์โค้ด สถานที่ สถานะ
1. วิทยาศาสตร์การแพทย์ และสุขภาพ
หนังสือสำรอง
สถานะ=หนังสือสำรอง
WB115 ต367 ล.2 ฉ.1 
  Barcode: 23466
ห้องสมุดวิทยาเขตนครสวรรค์
►ส่วนจัดเก็บหนังสือเก่า นว.
บนชั้น
  ขอยืม
2. วิทยาศาสตร์การแพทย์ และสุขภาพ
วิทยาศาสตร์การแพทย์ และสุขภาพ
WB115 ต367 ล.2 ฉ.2 
  Barcode: 23467
ห้องสมุดวิทยาเขตนครสวรรค์
►ส่วนจัดเก็บหนังสือเก่า นว.
บนชั้น
  ขอยืม
3. วิทยาศาสตร์การแพทย์ และสุขภาพ
วิทยาศาสตร์การแพทย์ และสุขภาพ
WB115 ต367 ล.2 ฉ.3 
  Barcode: 23468
ห้องสมุดวิทยาเขตนครสวรรค์
►ส่วนจัดเก็บหนังสือเก่า นว.
บนชั้น
  ขอยืม
4. วิทยาศาสตร์การแพทย์ และสุขภาพ
วิทยาศาสตร์การแพทย์ และสุขภาพ
WB115 ต367 ล.2 ฉ.4 
  Barcode: 23469
ห้องสมุดวิทยาเขตนครสวรรค์
►ส่วนจัดเก็บหนังสือเก่า นว.
บนชั้น
  ขอยืม
5. วิทยาศาสตร์การแพทย์ และสุขภาพ
วิทยาศาสตร์การแพทย์ และสุขภาพ
WB115 ต367 ล.2 ฉ.5 
  Barcode: 23470
ห้องสมุดวิทยาเขตนครสวรรค์
►ส่วนจัดเก็บหนังสือเก่า นว.
บนชั้น
  ขอยืม

รายการใกล้เคียง
    หัวเรื่อง [การรักษาโรค]

BibComment


ยังไม่เคยถูกคอมเมนท์

คอมเมนท์ทรัพยากรรายการนี้
  คอมเมนท์: ตำราอายุรศาสตร์ ..


 Copyright 2026. Bcnsprnw @Library